Sistema financiero Colombiano / (Registro nro. 12013)

Detalles MARC
000 -LEADER
fixed length control field 01162nam a2200289Ia 4500
003 - CONTROL NUMBER IDENTIFIER
control field OSt
005 - DATE AND TIME OF LATEST TRANSACTION
control field 20210727121027.0
008 - FIXED-LENGTH DATA ELEMENTS--GENERAL INFORMATION
fixed length control field 130821s2008 ck a gr spa
020 ## - INTERNATIONAL STANDARD BOOK NUMBER
International Standard Book Number 9789586485623
040 ## - CATALOGING SOURCE
Original cataloging agency Co-BoUCM
Language of cataloging spa
Transcribing agency CO-JMCR
041 00 - LANGUAGE CODE
Language code of text/sound track or separate title spa
082 04 - DEWEY DECIMAL CLASSIFICATION NUMBER
Classification number 332.09861 /
Item number B139s
Edition number 23
100 1# - MAIN ENTRY--PERSONAL NAME
Personal name Baena Toro, Diego,
Relator term autor
9 (RLIN) 11346
245 10 - TITLE STATEMENT
Title Sistema financiero Colombiano /
Statement of responsibility, etc. Diego Baena Toro, Hernán Hoyos Walteros, Jorge H. Ramírez Osorio
260 ## - PUBLICATION, DISTRIBUTION, ETC.
Place of publication, distribution, etc. Bogotá (Colombia) :
Name of publisher, distributor, etc. Eco Ediciones
Date of publication, distribution, etc. 2008
300 ## - PHYSICAL DESCRIPTION
Extent x, 271 pg̀inas
Other physical details cuadros, grf̀icos, tablas
490 #0 - SERIES STATEMENT
Series statement Coleccin̤ Ciencias Administrativas.
504 ## - BIBLIOGRAPHY, ETC. NOTE
Bibliography, etc. note Incluye bibliografía e índice general.
505 0# - FORMATTED CONTENTS NOTE
Formatted contents note El dinero. -- Conceptos básicos sistema financiero colombiano. -- Banca multilateral. -- Normatividad. -- Conceptos financieros básicos. Brasilea.
650 14 - SUBJECT ADDED ENTRY--TOPICAL TERM
Topical term or geographic name entry element Finanzas internacionales
Geographic subdivision Colombia
9 (RLIN) 15897
650 24 - SUBJECT ADDED ENTRY--TOPICAL TERM
Topical term or geographic name entry element Finanzas
9 (RLIN) 7628
650 24 - SUBJECT ADDED ENTRY--TOPICAL TERM
Topical term or geographic name entry element Finanzas
Geographic subdivision Colombia
9 (RLIN) 7628
650 24 - SUBJECT ADDED ENTRY--TOPICAL TERM
Topical term or geographic name entry element Sistema financiero
Geographic subdivision Colombia
9 (RLIN) 8107
700 1# - ADDED ENTRY--PERSONAL NAME
Personal name Hoyos Walteros, Hernán,
Relator term autor
9 (RLIN) 38773
700 1# - ADDED ENTRY--PERSONAL NAME
Personal name Ramírez Osorio, Jorge H.,
Relator term autor
9 (RLIN) 38774
942 ## - ADDED ENTRY ELEMENTS (KOHA)
Koha item type Books
Source of classification or shelving scheme Dewey Decimal Classification
Existencias
Withdrawn status Lost status Source of classification or shelving scheme Damaged status Not for loan Home library Current library Shelving location Date acquired Source of acquisition Full call number Barcode Date last seen Copy number Price effective from Koha item type
    Dewey Decimal Classification     Biblioteca Pública José María del Castillo y Rada Biblioteca Pública José María del Castillo y Rada General Stacks 04/15/2018 Donación 332.09861 / B139s 430002326 05/16/2024 Ej.1 03/10/2021 Books